000 00869nam a22003017a 4500
003 CHAP
005 20220329133747.0
008 971013s1961 r 00010 d
010 _a10493
011 _a11465
035 _a10703
040 _cCHAP
082 _a575.1
_bB35
100 0 0 _aBailey, Norman T. J.
_99447
245 _aMathematical theory of genetic linkage
260 _aOxford :
_bClarendon,
_c1961
300 _a298 p.
_b: ilus
500 _aBiliografĂ­a: 286-294
590 _aBATCH-UPD
_b10
_c20130110
_lUCH01
_h1816
590 _aBATCH-UPD
_b10
_c20130410
_lUCH01
_h1150
590 _aBATCH-UPD
_b10
_c20130914
_lUCH01
_h1534
590 _aCONVERSION
_b10
_c20130109
_lUCH01
_h1307
650 1 4 _aGenética.
_947469
650 1 4 _aHerencia.
_953725
901 _aBK
942 _cLIBRO
949 _a575.1 B35
_bBC
_cLIBRO
_d33724000479069
_eLIBRO
_i10703
_si
999 _c10493
_d10493